000 00213 a2200097 4500
001 8400
090 _c6770
_d6770
100 _aBoas, G
245 _aModern English prose Ist series (Transfered to SOA)
260 _bMacmillan
942 _aNUST-CAE
999 _c243473
_d243473